<?xml version="1.0" encoding="UTF-8"?>
<collection xmlns="http://www.loc.gov/MARC21/slim">
 <record>
  <leader>01423nam a2200205Ia 4500</leader>
  <controlfield tag="001">TDMU_28126</controlfield>
  <controlfield tag="008">210410s9999    xx            000 0 und d</controlfield>
  <datafield tag="082" ind1=" " ind2=" ">
   <subfield code="a">895.92230109</subfield>
  </datafield>
  <datafield tag="090" ind1=" " ind2=" ">
   <subfield code="b">223</subfield>
  </datafield>
  <datafield tag="100" ind1=" " ind2=" ">
   <subfield code="a">Hoàng, Hiếu Nghĩa</subfield>
  </datafield>
  <datafield tag="245" ind1=" " ind2="0">
   <subfield code="a">Thực hành thiết kế kết cấu nhà bê tông cốt thép</subfield>
  </datafield>
  <datafield tag="245" ind1=" " ind2="0">
   <subfield code="c">Hoàng Hiếu Nghĩa</subfield>
  </datafield>
  <datafield tag="260" ind1=" " ind2=" ">
   <subfield code="a">H.</subfield>
  </datafield>
  <datafield tag="260" ind1=" " ind2=" ">
   <subfield code="b">Xây dựng</subfield>
  </datafield>
  <datafield tag="260" ind1=" " ind2=" ">
   <subfield code="c">2016</subfield>
  </datafield>
  <datafield tag="300" ind1=" " ind2=" ">
   <subfield code="a">302 tr.</subfield>
  </datafield>
  <datafield tag="520" ind1=" " ind2=" ">
   <subfield code="a">Tài liệu tham khảo tr. 299; </subfield>
   <subfield code="g">Chương 1.</subfield>
   <subfield code="t">Nguyên lý chung thiết kế kết cấu khung bê tông cốt thép toàn khối --</subfield>
   <subfield code="g">Chương 2.</subfield>
   <subfield code="t">Yêu cầu cấu tạo khung bê tông cốt thép toàn khối --</subfield>
   <subfield code="g">Chương 3.</subfield>
   <subfield code="t">Thực hành phân tích kết cấu khung bê tông cốt thép toàn khối theo sơ đồ khung không gian --</subfield>
   <subfield code="g">Chương 4.</subfield>
   <subfield code="t">Thực hành phân tích kết cấu khung bê tông cốt thép toàn khối theo sơ đồ khung phẳng --</subfield>
   <subfield code="g">Chương 5.</subfield>
   <subfield code="t">Thực hành tính toán cốt thép khung bê tông cốt thép toàn khối</subfield>
  </datafield>
  <datafield tag="650" ind1=" " ind2=" ">
   <subfield code="a">Nhà</subfield>
   <subfield code="x">Thiết kế kết cấu; Kỹ thuật xây dựng; Bê tông cốt thép</subfield>
   <subfield code="x">Thiết kế kết cấu</subfield>
  </datafield>
  <datafield tag="856" ind1=" " ind2=" ">
   <subfield code="u">http://lrc.tdmu.edu.vn/opac/search/detail.asp?aID=2&amp;ID=28126</subfield>
  </datafield>
  <datafield tag="980" ind1=" " ind2=" ">
   <subfield code="a">Trung tâm Học liệu Trường Đại học Thủ Dầu Một</subfield>
  </datafield>
 </record>
</collection>
